Métro de Lille - Statistiques

Statistiques générales
  • Ce quiz a été pris 691 fois
  • Le résultat moyen est 31 sur 62
Statistiques - réponses
Ligne Réponse % Correct
1 Gare Lille Flandres
87%
2 Gare Lille Flandres
87%
2 Gare Lille Europe
79%
2 Porte de Douai
77%
1 Rihour
76%
2 Porte d'Arras
73%
1 République Beaux-Arts
73%
1 Porte des Postes
71%
2 Porte des Postes
71%
1 Wazemmes
71%
2 Porte de Valenciennes
69%
2 Mairie de Lille
68%
1 Fives
65%
1 Pont de Bois
65%
1 Gambetta
64%
1 Caulier
62%
1 CHU Eurasanté
60%
2 St Philibert
59%
2 Eurotéléport
57%
2 Montebello
57%
2 CH Dron
56%
2 Lille Grand Palais
53%
1 Triolo
53%
1 Marbrerie
52%
2 Cormontaigne
51%
2 Mairie de Mons
51%
1 Mairie d'Hellemmes
51%
1 Villeneuve d'Ascq Hôtel de Ville
51%
2 Fort de Mons
49%
2 Mairie de Croix
48%
2 Croix Centre
47%
2 Tourcoing Centre
47%
1 Square Flandres
46%
2 St Maurice Pellevoisin
46%
2 Bourg
45%
2 Maison des Enfants
45%
2 Port de Lille
45%
2 Gare de Tourcoing
42%
2 Mons Sarts
42%
1 4 Cantons Stade Pierre Mauroy
41%
2 Jean Jaurès
41%
2 Bois Blancs
40%
2 Wasquehal Pavé de Lille
39%
2 Alsace
38%
2 Mercure
37%
2 Roubaix Grand Place
36%
2 Wasquehal Hôtel de Ville
36%
2 Canteleu
35%
1 Cité Scientifique Professeur Gabillard
35%
2 Les Prés Edgard Pisani
35%
2 Epeule Montesquieu
32%
2 Lomme Lambersart Arthur Notebart
32%
2 Mitterie
31%
2 Roubaix Charles de Gaulle
31%
2 Gare Jean Lebas Roubaix
29%
2 Colbert
28%
2 Phalempins
28%
2 Bourgogne
27%
1 CHU Centre Oscar Lambret
27%
2 Pont Supérieur
25%
2 Pont de Neuville
24%
2 Carliers
23%
Aucun quiz correspondant
Distribution des résultats
% des personnes avec chaque résultat
Percentile par nombre de réponses
Votre historique - résultats
Vous n’avez pas pris ce quiz